| 000 | 01353cam a2200265 4500500 | ||
|---|---|---|---|
| 005 | 20251228073709.0 | ||
| 041 | _afre | ||
| 042 | _adc | ||
| 100 | 1 | 0 |
_aGuipaud, Sibylle _eauthor |
| 245 | 0 | 0 | _aLe jeune tyran domestique des Mémoires d’outre-tombe |
| 260 | _c2020. | ||
| 500 | _a4 | ||
| 520 | _aLa figure du tyran obsède François-René de Chateaubriand. Dans ses Mémoires d’outre-tombe, cette figure s’articule à la mise en scène de son moi pour exprimer un héritage paradoxal de la tyrannie paternelle. Finalement, Chateaubriand serait lui-même un tyran, un vampire poétique. | ||
| 520 | _aFrançois-René de Chateaubriand is obsessed by the character of the tyrant. In his Memoirs from beyond the Grave, this character coalesces with the staging of his ego to relate the paradoxical heritage of his father’s tyranny. Ultimately, Chateaubriand himself would be the tyrant, a poetic vampire. | ||
| 690 | _aFrançois-René de Chateaubriand | ||
| 690 | _aidentification | ||
| 690 | _aMoi | ||
| 690 | _atyran | ||
| 690 | _aEgo | ||
| 690 | _aFrançois-René de Chateaubriand | ||
| 690 | _aidentification | ||
| 690 | _atyrant | ||
| 786 | 0 | _nSavoirs et clinique | 27 | 2 | 2020-09-18 | p. 56-65 | 1634-3298 | |
| 856 | 4 | 1 | _uhttps://shs.cairn.info/revue-savoirs-et-cliniques-2020-2-page-56?lang=fr&redirect-ssocas=7080 |
| 999 |
_c1595728 _d1595728 |
||